Sort de Harry Potter - Statistiques

Statistiques générales
  • Ce quiz a été pris 1 341 fois
    1 317 depuis la dernière actualisation
  • Le résultat moyen est 17 sur 36
Statistiques - réponses
description sort % Correct
sort de mort avada kedavra
95%
déverrouiller une porte alohomora
92%
créer une intense douleur endoloris
86%
sort de protection protego
83%
réparer quelque chose reparo
78%
sort d'attraction accio
74%
contrôler une personne impero
73%
sort d'oublie oubliette
73%
principal sort d'attaque, immobilise une personne stupefix
73%
sort de levitation wingardium leviosa
73%
sort de réduction reducto
69%
sort de désarmement expelliarmus
66%
faire fuir des détraqueurs spero patronum
66%
réparer des lunette occulus reparo
61%
créer de profonde entailles, sort d'attaque puissant sectum sempra
61%
immobiliser une personne sans qu'elle ne perde connaissance petrificus totalus
59%
sort d'amplification amplificatum
58%
remplir un récipient d'eau aguamenti
50%
sort contre un épouventard ridikulus
49%
faire jaillir un serpent de la baguette serpensortia
45%
sort de feu incendio
39%
sort d'explosion bombarda
35%
interrompre un sort finite incantatem
34%
réparer de petites fractures episkey
25%
arreter une chute arresto momentum
23%
sort d'explosion bombarda maxima
21%
faire jaillir des cordes de la baguette incarcerem
19%
rendre provisoirement sourde une personne assurdiato
16%
faire fuir une araignée arania exuma
15%
sort d'explosion confringo
10%
changer un objet en pierre duro
10%
briser des liens d'emprisonnement lashlabask
9%
tuer un serpent vipera evanesca
9%
trainer une vallise locomotor barda
6%
sort d'explosion cracbadaboum
5%
révéler le dernier sort effectuer par une baguette prior incantum
2%
Aucun quiz correspondant
Distribution des résultats
% des personnes avec chaque résultat
Percentile par nombre de réponses
Votre historique - résultats
Vous n’avez pas pris ce quiz depuis la dernière actualisation